1460 1937 1184 1277 1471 1944 1854 1823 1726 1650 1041 1258 1050 1774 1837 1920 1315 1394 1867 1394 1271 1874 1079 1191 1324 1908 1453 1186 1046 1618 1957 1179 1395 1770 1245 1599 1500 1642 1167 1384 1675 1857 1458 1632 1003 1386 1789 1231 1139 1445 1164 1901 1515 1244 1376 1174 1921 1179 1074 1883 1061 1038 1835 1033 1269 1359 1521 1097 1804 1720 1970 1231 1925 1268 1221 1076 1419 1132 1384 1229 1644 1086 1848 1202 1526 1831 1815 1385 1472 1738 1804 1976 1930 1478 1274 1968 1294 1082 1239 BCNSPRNW ULIB Ver.6.0+V

เปลี่ยนเป็นภาษาไทย

Change to English
 แสดงรายละเอียดบรรณานุกรม
  กลับหน้าหลัก

Brief Record : Get Marc (ISO 2709) : E-mail record : QR code < ปิดหน้าต่าง
LEADER : 00000nam 2200000uu 4500
001    13399112650
003     ULIB
008    110830s2550||||th 000 0 tha d
020    9789741105250
050 04 HV5740^bล218ข 2550
245 00 ข้อเสนอแนะเชิงนโยบายเพื่อการเลิกบุหรี่และการบำบัดรักษาผู้ติดบุหรี่ :^bเครื่องมือเพื่อการควบคุมยาสูบที่ทันสมัยในศตวรรษที่ 21 :เครื่องมือสำหรับงานสาธารณสุข = Policy recommendations for smoking cessation and treatment of tobacco dependence /^cองค์การอนามัยโลก ; เรียบเรียงโดย มณฑา เก่งการพานิช, ลักขณา เติมศิริกุลชัย
246 31 Policy recommendations for smoking cessation and treatmentof tobacco dependence
250    พิมพ์ครั้งที่ 2
260    กรุงเทพฯ :^bศูนย์วิจัยและจัดการความรู้เพื่อการควบคุมยาสูบ(ศจย.),^c2550
300    ix, 99 หน้า ;^c26 ซม.
536    สนับสนุนโดยสำนักงานกองทุนสนับสนุนการสร้างเสริมสุขภาพ(สสส.)
650  4 การเลิกบุหรี่
650  4 การใช้ยาสูบ^xการรักษา
700 0  มณฑา เก่งการพานิช
700 0  ลักขณา เติมศิริกุลชัย
710 2  ศูนย์วิจัยและจัดการความรู้เพื่อการควบคุมการบริโภคยาสูบ(ศจย.)
710 2  สำนักงานกองทุนสนับสนุนการสร้างเสริมสุขภาพ
945    ^p0^l0^i023222
945    ^p0^l0^i023223
945    ^p0^l0^i023239
995    ทศพร
999 ^a ทศพร
รายการนี้ยังไม่มีแท็ก
คุณยังไม่ได้ล็อกอิน คุณสามารถมีกิจกรรมร่วมกับเว็บไซต์ได้ แต่ต้องล็อกอินก่อน ::
  ล็อกอิน

รายการสื่อสารสนเทศ

ลำดับที่ ประเภท เลขเรียก/บาร์โค้ด สถานที่ สถานะ
- ไม่พบข้อมูล -

รายการใกล้เคียง
    หัวเรื่อง [การเลิกบุหรี่]

BibComment


ยังไม่เคยถูกคอมเมนท์

คอมเมนท์ทรัพยากรรายการนี้
  คอมเมนท์: ข้อเสนอแนะเชิงนโย..


 Copyright 2026. Bcnsprnw @Library